| 000 | 00475nam a2200181Ia 4500 | ||
|---|---|---|---|
| 001 | 11931 | ||
| 005 | 20260306162904.0 | ||
| 008 | 260306t2006||||xx |||||||||||||| ||spa|| | ||
| 041 | _aESP | ||
| 082 |
_aHR 340 _bNº 1 2006 ATHINA |
||
| 110 | _aUniversidad de Lima | ||
| 245 | 0 |
_aAthina: _brevista de derecho de los alumnos de la Universidad de Lima |
|
| 260 | _c2006 | ||
| 300 |
_a365 páginas : _c24 cm. |
||
| 650 | _aGEN | ||
| 654 | _aCDE | ||
| 942 |
_cREV _dJUS _fJUS _2ddc _n |
||
| 999 |
_c11931 _d11931 |
||